| 000 | 00499nam a2200169 4500 | ||
|---|---|---|---|
| 001 | 120816 | ||
| 003 | ES-MaACL | ||
| 005 | 20230906191628.0 | ||
| 007 | t| | ||
| 008 | 070214s1968 sp r ||||1| spa d | ||
| 100 | 1 |
_aPolo Carreres, Pilar. _992871 |
|
| 245 | 1 | 0 |
_aCarta de Yecla / _cPilar Polo Carreres. |
| 260 |
_aMurcia : _bCasa José Antonio, _c1968. |
||
| 300 |
_a221 p. ; _c21 cm. |
||
| 500 | _aPremio de novela `Casa Municipal de Cultura de Yecla`. | ||
| 852 |
_aES-MaACL _jC-36968 _bR.67754 |
||
| 999 |
_c120816 _d120816 |
||